| 000 | 01156cam a22003377a 4500 | ||
|---|---|---|---|
| 003 | CHAP | ||
| 005 | 20220329140325.0 | ||
| 008 | 971013s1945 r 00010 d | ||
| 010 | _a50393 | ||
| 011 | _a51365 | ||
| 035 | _a55515 | ||
| 040 | _cCHAP | ||
| 090 | _aTesis | ||
| 100 | 0 | 0 |
_aRodríguez Cázares, Tomás. _998408 |
| 245 | 1 | 4 | _aLas colonias agrícolas "Anahuac", "18 de Marzo" y "Magueyes", Edo. de Tamaulipas |
| 260 |
_aChapingo, Méx. : _bEl autor, _c1945 |
||
| 300 | _a44 p. | ||
| 502 | _aTesis (Ing. Agr. Esp. en Economía) -- ENA. Departamento de Economía | ||
| 590 |
_aALEPH _b10 _c20130110 _lUCH01 _h1324 |
||
| 590 |
_aBATCH-UPD _b10 _c20130110 _lUCH01 _h0614 |
||
| 590 |
_aBATCH-UPD _b10 _c20130410 _lUCH01 _h0256 |
||
| 590 |
_aBATCH-UPD _b10 _c20130914 _lUCH01 _h1011 |
||
| 590 |
_aCONVERSION _b10 _c20130109 _lUCH01 _h1327 |
||
| 650 | 1 | 4 |
_aAgricultura _xAspectos economicos _xTamaulipas. _91298 |
| 650 | 1 | 4 |
_aColonización agrícola _xTamaulipas. _925405 |
| 901 | _aBK | ||
| 942 | _cFOLL | ||
| 949 |
_bBC _cTES _d-121739 _eTS1 _i55515 _si |
||
| 949 |
_bBC _cTES _d-121740 _eTS2 _fc.2 _i55515 _si |
||
| 949 |
_bBC _cTES _d-121741 _eTS2 _fc.3 _i55515 _si |
||
| 999 |
_c50393 _d50393 |
||